000 00351nam a2200145Ia 4500
008 240719s9999 xx 000 0 und d
041 _aeng
082 _a658.15 PAN
100 _aPandey, I M
245 _aFinancial Management
250 _a12th
260 _aNoida
_bPearson
_c2021
300 _a1030;. P. 24 Cm
520 _aGifted By : IMT Faculty
999 _c41399
_d41399